Slowdown signs (Record no. 71857)

MARC details
000 -LEADER
fixed length control field 00976cam a2200205 4500
001 - CONTROL NUMBER
control field WB3901-08
008 - FIXED-LENGTH DATA ELEMENTS--GENERAL INFORMATION
fixed length control field 030103n2002 000 0 eng u
035 ## - SYSTEM CONTROL NUMBER
System control number (Sirsi) u120890
245 ## - TITLE STATEMENT
Title Slowdown signs
260 ## - PUBLICATION, DISTRIBUTION, ETC.
Date of publication, distribution, etc. 2002
490 ## - SERIES STATEMENT
Series statement Retail Week
Volume/sequential designation 20 December 2002, 15(1)
520 ## - SUMMARY, ETC.
Summary, etc. Donaldson's latest quarterly retail research report indicates that the rate of growth at the secondary end of the retail property market has slowed. However, capital values are still rising and total returns for retail property at the end of the third quarter 2002 were 16.1%, up from 12.5% in June. "Retail spotlight: 3rd quarter 2002" available from www.donaldsons.co.uk/rcs/Reef/55219/publications_pub/index.xml
590 ## - LOCAL NOTE (RLIN)
Local note WB
650 ## - SUBJECT ADDED ENTRY--TOPICAL TERM
Topical term or geographic name entry element PROPERTY-COMMERCIAL PROPERTY-RETAIL PROPERTY-RETAIL PROPERTY MARKET
650 ## - SUBJECT ADDED ENTRY--TOPICAL TERM
Topical term or geographic name entry element DONALDSONS
650 ## - SUBJECT ADDED ENTRY--TOPICAL TERM
Topical term or geographic name entry element RETAIL PROPERTY
650 ## - SUBJECT ADDED ENTRY--TOPICAL TERM
Topical term or geographic name entry element SECONDARY PROPERTY
690 ## - LOCAL SUBJECT ADDED ENTRY--TOPICAL TERM (OCLC, RLIN)
Topical term or geographic name as entry element PROPERTY-COMMERCIAL PROPERTY-RETAIL PROPERTY
942 ## - ADDED ENTRY ELEMENTS (KOHA)
Suppress in OPAC 0
Holdings
Withdrawn status Lost status Source of classification or shelving scheme Damaged status Not for loan Home library Current library Shelving location Date acquired Total Checkouts Full call number Barcode Date last seen Copy number Price effective from Koha item type
    Dewey Decimal Classification     London London News article 03/01/2003   WB3901-08 120890-1001 06/08/2019 1 06/08/2019 News article